[Event "mpj-chlopcy"]
[Site "?"]
[Date "2014.08.06"]
[Round "10.3"]
[White "Szczepanowski, Tomasz"]
[Black "Babiarz, Arkadiusz"]
[Result "1/2-1/2"]
[LiveChessVersion "1.4.3"]
[BlackElo "1331"]
[WhiteElo "1175"]

1. e4 {[%clk 0:15:17]} c5 {[%clk 0:15:19]} 2. Nf3 {[%clk 0:15:24]} e6
{[%clk 0:15:28]} 3. Bc4 {[%clk 0:15:28]} a6 {[%clk 0:15:33]} 4. a4
{[%clk 0:15:33]} Nc6 {[%clk 0:15:32]} 5. d3 {[%clk 0:15:35]} Qc7 {[%clk 0:15:38]}
6. Nc3 {[%clk 0:15:31]} Nf6 {[%clk 0:15:45]} 7. Bg5 {[%clk 0:15:02]} Be7
{[%clk 0:15:52]} 8. O-O {[%clk 0:14:52]} d6 {[%clk 0:15:56]} 9. Re1
{[%clk 0:14:20]} O-O {[%clk 0:15:55]} 10. Qd2 {[%clk 0:13:38]} Bd7
{[%clk 0:15:30]} 11. Bf4 {[%clk 0:13:03]} Ne5 {[%clk 0:13:59]} 12. Bxe5
{[%clk 0:12:13]} dxe5 {[%clk 0:14:06]} 13. Ne2 {[%clk 0:11:08]} b5
{[%clk 0:14:02]} 14. Bb3 {[%clk 0:11:00]} c4 {[%clk 0:13:31]} 15. dxc4
{[%clk 0:10:41]} bxc4 {[%clk 0:13:33]} 16. Qc3 {[%clk 0:09:51]} Nxe4
{[%clk 0:12:58]} 17. Qxc4 {[%clk 0:09:43]} Qxc4 {[%clk 0:12:48]} 18. Bxc4
{[%clk 0:09:47]} Bc5 {[%clk 0:12:50]} 19. Rf1 {[%clk 0:09:24]} f6
{[%clk 0:11:37]} 20. Rad1 {[%clk 0:08:38]} Bxa4 {[%clk 0:11:43]} 21. Bxe6+
{[%clk 0:08:40]} Kh8 {[%clk 0:11:51]} 22. b3 {[%clk 0:08:42]} Bb5
{[%clk 0:11:43]} 23. Bc4 {[%clk 0:08:17]} Bxc4 {[%clk 0:11:15]} 24. bxc4
{[%clk 0:08:24]} Rfd8 {[%clk 0:10:35]} 25. Rd3 {[%clk 0:08:01]} a5
{[%clk 0:10:11]} 26. Ng3 {[%clk 0:07:45]} Nxg3 {[%clk 0:09:46]} 27. hxg3
{[%clk 0:07:52]} a4 {[%clk 0:09:54]} 28. Ra1 {[%clk 0:07:08]} Rxd3
{[%clk 0:09:39]} 29. cxd3 {[%clk 0:07:13]} a3 {[%clk 0:09:45]} 30. Ra2
{[%clk 0:06:57]} Kg8 {[%clk 0:09:23]} 31. Kf1 {[%clk 0:06:53]} Kf7
{[%clk 0:09:27]} 32. Nd2 {[%clk 0:06:49]} Rb8 {[%clk 0:09:28]} 33. f3
{[%clk 0:06:10]} Ke6 {[%clk 0:09:34]} 34. Ke2 {[%clk 0:06:18]} Kd7
{[%clk 0:09:05]} 35. Kd1 {[%clk 0:06:21]} Kc6 {[%clk 0:09:11]} 36. Kc2
{[%clk 0:06:25]} Kb6 {[%clk 0:08:47]} 37. Ne4 {[%clk 0:05:56]} Be7
{[%clk 0:08:34]} 38. c5+ {[%clk 0:05:37]} Bxc5 {[%clk 0:08:32]} 39. Nxc5
{[%clk 0:05:46]} Kxc5 {[%clk 0:08:40]} 40. Rxa3 {[%clk 0:05:53]} Kd4
{[%clk 0:08:43]} 41. Ra7 {[%clk 0:05:02]} Rg8 {[%clk 0:07:57]} 42. Kd2
{[%clk 0:05:08]} Rb8 {[%clk 0:07:40]} 43. Rd7+ {[%clk 0:04:15]} Kc5
{[%clk 0:07:43]} 44. Rxg7 {[%clk 0:03:48]} Rb2+ {[%clk 0:07:49]} 45. Ke3
{[%clk 0:03:56]} Rxg2 {[%clk 0:07:55]} 46. Rxh7 {[%clk 0:04:04]} Rxg3
{[%clk 0:08:03]} 47. Rf7 {[%clk 0:04:06]} Rg6 {[%clk 0:07:26]} 48. Ke4
{[%clk 0:04:07]} Rh6 {[%clk 0:07:12]} 49. Kf5 {[%clk 0:03:57]} Rh3 1/2-1/2

[Event "mpj-chlopcy"]
[Site "?"]
[Date "2014.08.06"]
[Round "10.4"]
[White "Bachor, Tomasz"]
[Black "Suder, Jakub"]
[Result "1/2-1/2"]
[LiveChessVersion "1.4.3"]
[BlackElo "1557"]
[WhiteElo "1353"]

1. e4 {[%clk 0:15:17]} e6 {[%clk 0:15:19]} 2. d4 {[%clk 0:15:25]} d5
{[%clk 0:15:28]} 3. e5 {[%clk 0:15:32]} c5 {[%clk 0:15:37]} 4. c3
{[%clk 0:15:41]} Nc6 {[%clk 0:15:46]} 5. Nf3 {[%clk 0:15:49]} Qb6
{[%clk 0:15:55]} 6. a3 {[%clk 0:15:58]} cxd4 {[%clk 0:15:58]} 7. cxd4
{[%clk 0:16:06]} Nge7 {[%clk 0:16:06]} 8. Nc3 {[%clk 0:15:53]} Nf5
{[%clk 0:16:10]} 9. Na4 {[%clk 0:15:55]} Qc7 {[%clk 0:16:07]} 10. b4
{[%clk 0:16:00]} Bd7 {[%clk 0:16:12]} 11. Bb2 {[%clk 0:16:04]} Be7
{[%clk 0:15:41]} 12. Bd3 {[%clk 0:15:59]} g6 {[%clk 0:15:18]} 13. Rc1
{[%clk 0:15:56]} Qd8 {[%clk 0:15:15]} 14. O-O {[%clk 0:15:39]} a6
{[%clk 0:14:59]} 15. Nc5 {[%clk 0:15:23]} b6 {[%clk 0:14:55]} 16. Nxd7
{[%clk 0:14:12]} Qxd7 {[%clk 0:15:03]} 17. b5 {[%clk 0:14:05]} Nb8
{[%clk 0:14:31]} 18. bxa6 {[%clk 0:13:11]} Nxa6 {[%clk 0:14:32]} 19. Qe2
{[%clk 0:13:16]} Nc7 {[%clk 0:14:28]} 20. Qc2 {[%clk 0:11:12]} Rc8
{[%clk 0:14:33]} 21. Qc6 {[%clk 0:11:08]} Qxc6 {[%clk 0:13:41]} 22. Rxc6
{[%clk 0:11:15]} Kd7 {[%clk 0:12:44]} 23. Rxb6 {[%clk 0:11:11]} Rb8
{[%clk 0:12:39]} 24. Rxb8 {[%clk 0:10:12]} Rxb8 {[%clk 0:12:42]} 25. Rb1
{[%clk 0:09:20]} Ra8 {[%clk 0:12:37]} 26. h3 {[%clk 0:08:17]} Bxa3
{[%clk 0:12:21]} 27. Bxa3 {[%clk 0:08:25]} Rxa3 {[%clk 0:12:28]} 28. Bxf5
{[%clk 0:08:32]} gxf5 {[%clk 0:12:11]} 29. Rb6 {[%clk 0:07:31]} h6
{[%clk 0:12:06]} 30. Rb8 {[%clk 0:07:16]} Ra8 {[%clk 0:11:40]} 31. Rxa8
{[%clk 0:07:20]} Nxa8 {[%clk 0:11:49]} 32. Kf1 {[%clk 0:07:29]} Kc6
{[%clk 0:11:56]} 33. Ke2 {[%clk 0:07:32]} Kb5 {[%clk 0:12:05]} 34. Kd3
{[%clk 0:07:40]} Nb6 {[%clk 0:11:56]} 35. g4 {[%clk 0:07:32]} fxg4
{[%clk 0:11:57]} 36. hxg4 {[%clk 0:07:34]} Nc4 {[%clk 0:11:55]} 37. Kc3
{[%clk 0:04:49]} Nb6 {[%clk 0:11:31]} 38. Nh4 {[%clk 0:04:28]} Nc8
{[%clk 0:10:51]} 39. Kb3 {[%clk 0:04:17]} Ne7 {[%clk 0:10:41]} 40. f4
{[%clk 0:03:29]} Kc6 {[%clk 0:09:55]} 41. Kb4 {[%clk 0:03:22]} Kd7
{[%clk 0:09:00]} 42. Kc5 {[%clk 0:03:10]} Kc7 {[%clk 0:08:38]} 43. Kb4
{[%clk 0:02:36]} Kb6 {[%clk 0:07:59]} 44. Nf3 {[%clk 0:02:00]} Kc6
{[%clk 0:07:46]} 45. Nh4 {[%clk 0:02:01]} Ng6 {[%clk 0:07:25]} 46. Ng2
{[%clk 0:01:41]} Kb6 {[%clk 0:07:01]} 47. Ka4 {[%clk 0:01:49]} Ne7
{[%clk 0:07:04]} 48. Nh4 {[%clk 0:01:51]} Nc6 {[%clk 0:06:47]} 49. Nf3
{[%clk 0:02:00]} Ka6 {[%clk 0:06:56]} 50. f5 {[%clk 0:01:21]} Nd8
{[%clk 0:06:31]} 51. f6 {[%clk 0:01:15]} Kb6 {[%clk 0:06:15]} 52. Kb4
{[%clk 0:01:23]} Nc6+ {[%clk 0:06:14]} 53. Ka4 {[%clk 0:01:10]} Nd8
{[%clk 0:05:39]} 54. Kb4 {[%clk 0:01:18]} Kc6 {[%clk 0:05:49]} 55. Kc3
{[%clk 0:01:21]} Kd7 {[%clk 0:05:55]} 56. Kb4 {[%clk 0:01:28]} Nc6+
{[%clk 0:05:58]} 57. Kc5 {[%clk 0:01:28]} Na5 {[%clk 0:06:00]} 58. Kb5
{[%clk 0:01:04]} Nb3 {[%clk 0:05:38]} 59. Kb4 {[%clk 0:01:07]} Nc1
{[%clk 0:05:34]} 60. Kc3 {[%clk 0:01:05]} Ne2+ {[%clk 0:05:43]} 61. Kd2
{[%clk 0:01:11]} Ng3 {[%clk 0:05:50]} 62. Ke3 {[%clk 0:01:12]} Ke8
{[%clk 0:05:32]} 63. Kf2 {[%clk 0:01:10]} Ne4+ {[%clk 0:05:40]} 64. Ke3
{[%clk 0:01:14]} Kf8 {[%clk 0:05:45]} 65. Ke2 {[%clk 0:01:14]} Kg8
{[%clk 0:05:52]} 66. Kf1 {[%clk 0:01:21]} Kh7 {[%clk 0:05:58]} 67. Kg2
{[%clk 0:01:23]} Kg6 {[%clk 0:05:37]} 68. Kh3 {[%clk 0:01:15]} Nf2+
{[%clk 0:04:50]} 69. Kg3 {[%clk 0:01:23]} Nd1 {[%clk 0:04:41]} 70. Kf4
{[%clk 0:01:29]} Nc3 {[%clk 0:04:35]} 71. Nh4+ {[%clk 0:01:30]} Kh7
{[%clk 0:04:41]} 72. Ke3 {[%clk 0:01:21]} Nd1+ {[%clk 0:04:46]} 73. Kf3
{[%clk 0:01:26]} Nb2 {[%clk 0:04:52]} 74. Ke3 {[%clk 0:01:33]} Nc4+
{[%clk 0:04:55]} 75. Kf4 {[%clk 0:01:36]} Na5 {[%clk 0:04:24]} 76. Ke3
{[%clk 0:01:44]} Kg8 {[%clk 0:04:14]} 77. Nf3 {[%clk 0:01:38]} Nc4+
{[%clk 0:04:13]} 78. Kf4 {[%clk 0:01:44]} Nb2 {[%clk 0:03:58]} 79. Ke3
{[%clk 0:01:37]} Nd1+ {[%clk 0:03:57]} 80. Ke2 {[%clk 0:01:45]} Nc3+
{[%clk 0:03:57]} 81. Ke3 {[%clk 0:01:52]} Ne4 {[%clk 0:03:56]} 82. Nh4
{[%clk 0:01:36]} Kf8 {[%clk 0:03:53]} 83. Kf4 {[%clk 0:01:27]} Ke8
{[%clk 0:03:54]} 84. Nf3 {[%clk 0:01:17]} Kd7 {[%clk 0:04:03]} 85. g5
{[%clk 0:01:21]} 1/2-1/2

[Event "mpj-chlopcy"]
[Site "?"]
[Date "2014.08.07"]
[Round "11.1"]
[White "Oglaza, Oskar"]
[Black "Grzesik, Gracjan"]
[Result "1-0"]
[LiveChessVersion "1.4.3"]
[BlackElo "1444"]
[WhiteElo "1555"]

1. e4 {[%clk 0:15:17]} c5 {[%clk 0:15:19]} 2. Nf3 {[%clk 0:15:23]} Nc6
{[%clk 0:15:27]} 3. d4 {[%clk 0:15:30]} cxd4 {[%clk 0:15:32]} 4. Nxd4
{[%clk 0:15:37]} e6 {[%clk 0:15:38]} 5. Nc3 {[%clk 0:15:44]} Nf6 {[%clk 0:15:40]}
6. Ndb5 {[%clk 0:15:48]} d6 {[%clk 0:15:12]} 7. Bf4 {[%clk 0:15:54]} e5
{[%clk 0:15:10]} 8. Bg5 {[%clk 0:16:00]} a6 {[%clk 0:14:58]} 9. Bxf6
{[%clk 0:12:06]} gxf6 {[%clk 0:15:03]} 10. Na3 {[%clk 0:12:13]} b5
{[%clk 0:13:47]} 11. Nd5 {[%clk 0:12:15]} Bg7 {[%clk 0:13:29]} 12. Bd3
{[%clk 0:12:03]} O-O {[%clk 0:13:29]} 13. c3 {[%clk 0:12:09]} Ne7
{[%clk 0:12:52]} 14. Ne3 {[%clk 0:11:47]} Be6 {[%clk 0:12:07]} 15. Nac2
{[%clk 0:11:48]} d5 {[%clk 0:11:22]} 16. exd5 {[%clk 0:11:49]} Nxd5
{[%clk 0:10:54]} 17. Nxd5 {[%clk 0:11:02]} Qxd5 {[%clk 0:09:59]} 18. Ne3
{[%clk 0:11:05]} Qc5 {[%clk 0:09:37]} 19. Qh5 {[%clk 0:09:48]} h6
{[%clk 0:09:07]} 20. O-O {[%clk 0:09:44]} Rad8 {[%clk 0:08:05]} 21. Rad1
{[%clk 0:08:16]} Qc8 {[%clk 0:06:20]} 22. Nf5 {[%clk 0:07:06]} Bxf5
{[%clk 0:05:58]} 23. Bxf5 {[%clk 0:07:06]} Qc6 {[%clk 0:05:35]} 24. Bc2
{[%clk 0:06:35]} Qc8 {[%clk 0:05:19]} 25. Bf5 {[%clk 0:05:39]} Qc6
{[%clk 0:05:26]} 26. Bc2 {[%clk 0:05:20]} Qc8 {[%clk 0:05:19]} 27. Bb3
{[%clk 0:05:21]} Qc7 {[%clk 0:04:21]} 28. Rfe1 {[%clk 0:05:17]} a5
{[%clk 0:04:02]} 29. a3 {[%clk 0:05:11]} a4 {[%clk 0:03:33]} 30. Ba2
{[%clk 0:05:03]} Qe7 {[%clk 0:03:03]} 31. Bb1 {[%clk 0:04:55]} Qe6
{[%clk 0:03:02]} 32. Qf5 {[%clk 0:04:40]} Qxf5 {[%clk 0:03:08]} 33. Bxf5
{[%clk 0:04:46]} Rb8 {[%clk 0:02:14]} 34. Rd5 {[%clk 0:04:46]} Rfd8
{[%clk 0:01:54]} 35. Red1 {[%clk 0:04:54]} Rxd5 {[%clk 0:01:39]} 36. Rxd5
{[%clk 0:05:02]} Kf8 {[%clk 0:01:44]} 37. Bd3 {[%clk 0:05:09]} Ke7
{[%clk 0:01:48]} 38. Rxb5 {[%clk 0:05:14]} Rd8 {[%clk 0:01:50]} 39. Bf1
{[%clk 0:05:20]} Ra8 {[%clk 0:01:52]} 40. Rb4 {[%clk 0:05:26]} f5
{[%clk 0:01:53]} 41. g3 {[%clk 0:05:31]} e4 {[%clk 0:01:55]} 42. Bb5
{[%clk 0:05:31]} Be5 {[%clk 0:01:46]} 43. Bxa4 {[%clk 0:05:33]} Bd6
{[%clk 0:01:52]} 44. Rb7+ {[%clk 0:05:39]} Kf6 {[%clk 0:01:51]} 45. Bb3
{[%clk 0:05:42]} Ke5 {[%clk 0:01:48]} 46. Bxf7 {[%clk 0:05:42]} Rd8
{[%clk 0:01:45]} 47. Rb5+ {[%clk 0:05:41]} Kf6 {[%clk 0:01:53]} 48. Bd5
{[%clk 0:05:44]} h5 {[%clk 0:01:45]} 49. b4 {[%clk 0:05:49]} Rc8 {[%clk 0:01:41]}
50. c4 {[%clk 0:05:55]} Be5 {[%clk 0:01:40]} 51. a4 {[%clk 0:06:00]} Rb8
{[%clk 0:01:28]} 52. Rxb8 {[%clk 0:05:57]} Bxb8 {[%clk 0:01:37]} 53. a5
{[%clk 0:06:00]} Ke5 {[%clk 0:01:45]} 54. b5 {[%clk 0:06:05]} Kd6
{[%clk 0:01:54]} 55. Kg2 {[%clk 0:05:50]} Ba7 {[%clk 0:01:53]} 56. b6
{[%clk 0:05:50]} Bb8 {[%clk 0:01:55]} 57. a6 {[%clk 0:05:58]} Kc5
{[%clk 0:01:48]} 58. a7 {[%clk 0:06:05]} Bxa7 {[%clk 0:01:54]} 59. bxa7
{[%clk 0:06:10]} Kd4 {[%clk 0:02:02]} 60. a8=Q {[%clk 0:06:11]} Kc3
{[%clk 0:02:10]} 61. Qa3+ {[%clk 0:06:15]} Kd4 {[%clk 0:02:19]} 62. Qe3+
{[%clk 0:06:21]} Ke5 {[%clk 0:02:28]} 63. f4+ {[%clk 0:06:25]} Kd6
{[%clk 0:02:37]} 64. Qb6+ {[%clk 0:06:32]} Ke7 {[%clk 0:02:46]} 65. Qc7+
{[%clk 0:06:39]} Ke8 {[%clk 0:02:52]} 66. Bc6+ {[%clk 0:06:44]} Kf8
{[%clk 0:03:00]} 67. Qd6+ {[%clk 0:06:51]} Kg8 {[%clk 0:03:09]} 68. Qg6+
{[%clk 0:06:58]} Kf8 {[%clk 0:03:18]} 69. Qxf5+ {[%clk 0:07:00]} Ke7
{[%clk 0:03:27]} 70. Qxe4+ {[%clk 0:07:06]} Kd6 {[%clk 0:03:36]} 71. f5
{[%clk 0:07:10]} Kc7 {[%clk 0:03:45]} 72. f6 {[%clk 0:07:16]} Kd6
{[%clk 0:03:54]} 73. Qd5+ {[%clk 0:07:23]} Kc7 {[%clk 0:04:03]} 74. f7
{[%clk 0:07:27]} h4 {[%clk 0:04:11]} 75. f8=Q {[%clk 0:07:24]} h3+
{[%clk 0:04:19]} 76. Kf2 {[%clk 0:07:30]} Kb6 {[%clk 0:04:27]} 77. Qb5+
{[%clk 0:07:38]} Kc7 {[%clk 0:04:36]} 78. Qfb8# {[%clk 0:07:45]} 1-0

[Event "mpj-chlopcy"]
[Site "?"]
[Date "2014.08.07"]
[Round "11.2"]
[White "Norek, Bartosz"]
[Black "Luczak, Filip"]
[Result "1-0"]
[LiveChessVersion "1.4.3"]
[BlackElo "1447"]
[WhiteElo "1289"]

1. e4 {[%clk 0:15:19]} c5 {[%clk 0:15:18]} 2. Nf3 {[%clk 0:15:27]} e6
{[%clk 0:15:27]} 3. d4 {[%clk 0:15:36]} cxd4 {[%clk 0:15:35]} 4. Nxd4
{[%clk 0:15:44]} Nf6 {[%clk 0:15:43]} 5. Nc3 {[%clk 0:15:50]} a6 {[%clk 0:15:52]}
6. Be3 {[%clk 0:15:34]} Nc6 {[%clk 0:15:59]} 7. Bd3 {[%clk 0:15:30]} Be7
{[%clk 0:15:54]} 8. O-O {[%clk 0:15:36]} O-O {[%clk 0:16:00]} 9. f4
{[%clk 0:15:20]} d5 {[%clk 0:15:50]} 10. e5 {[%clk 0:15:24]} Nd7 {[%clk 0:15:28]}
11. Nce2 {[%clk 0:14:04]} Nc5 {[%clk 0:14:18]} 12. Nf3 {[%clk 0:12:52]} Nxd3
{[%clk 0:13:47]} 13. cxd3 {[%clk 0:12:54]} f6 {[%clk 0:12:17]} 14. Qd2
{[%clk 0:11:59]} b5 {[%clk 0:10:53]} 15. Rac1 {[%clk 0:11:01]} Bb7
{[%clk 0:10:51]} 16. d4 {[%clk 0:10:57]} Rc8 {[%clk 0:10:16]} 17. a3
{[%clk 0:10:35]} Qb6 {[%clk 0:09:41]} 18. Qd3 {[%clk 0:09:52]} Na5
{[%clk 0:08:59]} 19. Nd2 {[%clk 0:09:14]} Nc4 {[%clk 0:08:56]} 20. Nxc4
{[%clk 0:09:10]} dxc4 {[%clk 0:09:02]} 21. Qd2 {[%clk 0:08:36]} Qc6
{[%clk 0:08:49]} 22. Ng3 {[%clk 0:08:13]} f5 {[%clk 0:07:41]} 23. Rf2
{[%clk 0:06:57]} Rfd8 {[%clk 0:07:10]} 24. Qe2 {[%clk 0:05:51]} Rd7
{[%clk 0:05:53]} 25. Qh5 {[%clk 0:05:23]} Bd8 {[%clk 0:05:45]} 26. Qe8# 1-0

[Event "mpj-chlopcy"]
[Site "?"]
[Date "2014.08.07"]
[Round "11.3"]
[White "Skurniak, Szymon"]
[Black "Szczepanowski, Tomasz"]
[Result "0-1"]
[LiveChessVersion "1.4.3"]
[BlackElo "1175"]
[WhiteElo "1367"]

1. e4 {[%clk 0:15:19]} e5 {[%clk 0:15:16]} 2. Nf3 {[%clk 0:15:28]} Nc6
{[%clk 0:15:23]} 3. d4 {[%clk 0:15:37]} exd4 {[%clk 0:15:29]} 4. Nxd4
{[%clk 0:15:44]} Nf6 {[%clk 0:15:33]} 5. Nxc6 {[%clk 0:15:52]} bxc6
{[%clk 0:15:39]} 6. e5 {[%clk 0:15:57]} Nd5 {[%clk 0:15:39]} 7. c4
{[%clk 0:16:01]} Bb4+ {[%clk 0:15:35]} 8. Bd2 {[%clk 0:16:00]} Bxd2+
{[%clk 0:15:41]} 9. Qxd2 {[%clk 0:16:06]} Nb6 {[%clk 0:15:40]} 10. Bd3
{[%clk 0:15:42]} d5 {[%clk 0:14:57]} 11. cxd5 {[%clk 0:14:50]} cxd5
{[%clk 0:15:01]} 12. O-O {[%clk 0:14:52]} O-O {[%clk 0:14:45]} 13. Nc3
{[%clk 0:12:42]} d4 {[%clk 0:13:41]} 14. Nb5 {[%clk 0:11:43]} a6 {[%clk 0:11:15]}
15. Nxd4 {[%clk 0:11:35]} c5 {[%clk 0:11:18]} 16. Nf3 {[%clk 0:10:40]} Bg4
{[%clk 0:10:10]} 17. Be4 {[%clk 0:10:27]} Qxd2 {[%clk 0:08:32]} 18. Nxd2
{[%clk 0:10:35]} Rad8 {[%clk 0:08:33]} 19. Nb3 {[%clk 0:09:25]} c4
{[%clk 0:07:23]} 20. Nc5 {[%clk 0:09:08]} Rd2 {[%clk 0:06:46]} 21. f3
{[%clk 0:07:36]} Bc8 {[%clk 0:06:31]} 22. b3 {[%clk 0:07:02]} Re8
{[%clk 0:05:28]} 23. Rfe1 {[%clk 0:06:23]} g6 {[%clk 0:04:54]} 24. f4
{[%clk 0:06:04]} Red8 {[%clk 0:03:37]} 25. Bf3 {[%clk 0:04:55]} a5
{[%clk 0:03:05]} 26. Rad1 {[%clk 0:04:58]} Bf5 {[%clk 0:02:22]} 27. Nb7
{[%clk 0:04:42]} Rxd1 {[%clk 0:02:10]} 28. Rxd1 {[%clk 0:04:49]} Rxd1+
{[%clk 0:02:17]} 29. Bxd1 {[%clk 0:04:55]} c3 {[%clk 0:02:24]} 30. Nxa5
{[%clk 0:04:02]} c2 {[%clk 0:02:33]} 31. Bxc2 {[%clk 0:04:12]} Bxc2
{[%clk 0:02:42]} 32. Kf2 {[%clk 0:04:21]} Kf8 {[%clk 0:02:38]} 33. Ke3
{[%clk 0:04:14]} Ke8 {[%clk 0:02:32]} 34. Kd4 {[%clk 0:04:23]} Kd7
{[%clk 0:02:29]} 35. Kc5 {[%clk 0:04:25]} Kc7 {[%clk 0:02:13]} 36. Nc4
{[%clk 0:03:42]} Nxc4 {[%clk 0:02:09]} 37. Kxc4 {[%clk 0:03:52]} Kc6
{[%clk 0:02:09]} 38. a4 {[%clk 0:03:41]} Be4 {[%clk 0:02:13]} 39. g3
{[%clk 0:03:49]} Bd5+ {[%clk 0:02:20]} 40. Kb4 {[%clk 0:03:58]} Kb6
{[%clk 0:02:27]} 41. g4 {[%clk 0:02:14]} Be6 {[%clk 0:01:57]} 42. h3
{[%clk 0:02:22]} h5 {[%clk 0:01:59]} 43. a5+ {[%clk 0:02:02]} Ka6
{[%clk 0:02:04]} 44. Ka4 {[%clk 0:02:12]} hxg4 {[%clk 0:02:07]} 45. hxg4
{[%clk 0:02:20]} Bxg4 {[%clk 0:02:16]} 46. Kb4 {[%clk 0:01:56]} Bd7
{[%clk 0:02:18]} 47. Kc5 {[%clk 0:02:05]} Kxa5 {[%clk 0:02:18]} 48. b4+
{[%clk 0:02:00]} Ka6 {[%clk 0:02:12]} 49. Kd6 {[%clk 0:02:08]} Be6
{[%clk 0:02:20]} 50. Kc6 {[%clk 0:02:15]} Bc4 {[%clk 0:02:22]} 51. Kc5
{[%clk 0:02:24]} Bb5 {[%clk 0:02:11]} 52. Kd6 {[%clk 0:02:26]} Bc4
{[%clk 0:01:59]} 53. Kc5 {[%clk 0:02:35]} Be6 {[%clk 0:02:02]} 54. b5+
{[%clk 0:02:41]} Kb7 {[%clk 0:02:09]} 55. b6 {[%clk 0:02:50]} Bf5
{[%clk 0:01:57]} 56. Kb5 {[%clk 0:02:40]} Be4 {[%clk 0:02:03]} 57. Kc5
{[%clk 0:02:48]} Bc6 {[%clk 0:02:10]} 58. Kd6 {[%clk 0:02:54]} Kxb6
{[%clk 0:02:16]} 59. Ke7 {[%clk 0:02:42]} Bd5 {[%clk 0:02:25]} 60. Kf6
{[%clk 0:02:39]} Kc5 {[%clk 0:02:28]} 61. Kg5 {[%clk 0:02:41]} Be6
{[%clk 0:02:33]} 62. Kf6 {[%clk 0:02:49]} Kd4 {[%clk 0:02:40]} 63. Kg5
{[%clk 0:02:52]} Ke4 {[%clk 0:02:48]} 64. Kh4 {[%clk 0:02:52]} Bd7
{[%clk 0:02:29]} 65. Kg5 {[%clk 0:02:52]} Bf5 {[%clk 0:02:38]} 66. e6
{[%clk 0:02:11]} fxe6 {[%clk 0:02:32]} 67. Kh4 {[%clk 0:02:17]} Kf3
{[%clk 0:02:37]} 68. Kg5 {[%clk 0:02:23]} Kg3 {[%clk 0:02:46]} 69. Kf6
{[%clk 0:02:28]} Kxf4 {[%clk 0:02:54]} 70. Ke7 {[%clk 0:02:37]} e5
{[%clk 0:03:01]} 71. Kd6 e4 72. Ke7 e3 73. Kf6 e2 74. Kg7 e1=Q 75. Kh6 Qh4+ 76.
Kg7 Qe7+ 77. Kh6 Qf8+ 78. Kh7 g5# 0-1

[Event "mpj-chlopcy"]
[Site "?"]
[Date "2014.08.07"]
[Round "11.4"]
[White "Babiarz, Arkadiusz"]
[Black "Bachor, Tomasz"]
[Result "1/2-1/2"]
[LiveChessVersion "1.4.3"]
[BlackElo "1353"]
[WhiteElo "1331"]

1. e4 {[%clk 0:15:19]} c5 {[%clk 0:15:15]} 2. c3 {[%clk 0:15:27]} Nf6
{[%clk 0:15:22]} 3. e5 {[%clk 0:15:35]} Nd5 {[%clk 0:15:30]} 4. d4
{[%clk 0:15:42]} cxd4 {[%clk 0:15:34]} 5. cxd4 {[%clk 0:15:50]} d6
{[%clk 0:15:34]} 6. Nf3 {[%clk 0:15:38]} Nc6 {[%clk 0:15:36]} 7. exd6
{[%clk 0:15:07]} Qxd6 {[%clk 0:15:16]} 8. Nc3 {[%clk 0:15:05]} Nxc3
{[%clk 0:14:48]} 9. bxc3 {[%clk 0:15:13]} e6 {[%clk 0:14:51]} 10. Bd3
{[%clk 0:15:17]} Be7 {[%clk 0:14:12]} 11. Be3 {[%clk 0:15:11]} O-O
{[%clk 0:13:47]} 12. O-O {[%clk 0:15:15]} b6 {[%clk 0:13:32]} 13. Qd2
{[%clk 0:14:32]} Bb7 {[%clk 0:12:22]} 14. Rfe1 {[%clk 0:13:51]} Rac8
{[%clk 0:11:22]} 15. Rac1 {[%clk 0:13:45]} Rfd8 {[%clk 0:11:03]} 16. Bf4
{[%clk 0:12:36]} Qd7 {[%clk 0:11:06]} 17. Qe3 {[%clk 0:11:43]} Bf6
{[%clk 0:10:23]} 18. Bg5 {[%clk 0:09:43]} Qe7 {[%clk 0:08:03]} 19. Qe4
{[%clk 0:08:54]} g6 {[%clk 0:07:18]} 20. Qh4 {[%clk 0:08:52]} Bxg5
{[%clk 0:06:47]} 21. Nxg5 {[%clk 0:08:15]} h5 {[%clk 0:06:25]} 22. g4
{[%clk 0:07:31]} Rd5 {[%clk 0:04:33]} 23. f4 {[%clk 0:06:38]} Rxg5
{[%clk 0:03:59]} 24. Qxg5 {[%clk 0:06:14]} Qxg5 {[%clk 0:04:07]} 25. fxg5
{[%clk 0:06:23]} hxg4 {[%clk 0:04:15]} 26. Be2 {[%clk 0:06:11]} Ne7
{[%clk 0:04:01]} 27. Bxg4 {[%clk 0:06:17]} Nd5 {[%clk 0:03:59]} 28. c4
{[%clk 0:05:54]} Nb4 {[%clk 0:03:51]} 29. Re2 {[%clk 0:05:28]} Ba6
{[%clk 0:03:41]} 30. a3 {[%clk 0:04:02]} Nd3 {[%clk 0:02:55]} 31. Rc3
{[%clk 0:03:42]} Nf4 {[%clk 0:02:57]} 32. Rf2 {[%clk 0:03:30]} Nh5
{[%clk 0:02:41]} 33. Bxh5 {[%clk 0:03:21]} gxh5 {[%clk 0:02:50]} 34. c5
{[%clk 0:03:29]} bxc5 {[%clk 0:02:13]} 35. dxc5 {[%clk 0:03:26]} Bb5
{[%clk 0:02:11]} 36. Rf6 {[%clk 0:03:06]} Rc6 {[%clk 0:01:58]} 37. Rh6
{[%clk 0:03:09]} Be2 {[%clk 0:02:04]} 38. Kf2 {[%clk 0:03:06]} Bg4
{[%clk 0:01:55]} 39. g6 {[%clk 0:02:43]} fxg6 {[%clk 0:02:02]} 40. Rxg6+
{[%clk 0:02:50]} Kf7 {[%clk 0:02:09]} 41. Rg5 {[%clk 0:02:45]} Kf6
{[%clk 0:02:00]} 42. Rg8 {[%clk 0:02:51]} Kf5 {[%clk 0:01:57]} 43. Rg7
{[%clk 0:02:33]} a6 {[%clk 0:02:02]} 44. Rb7 {[%clk 0:02:36]} Ke5
{[%clk 0:01:41]} 45. Ke3 {[%clk 0:02:02]} Bf5 {[%clk 0:01:10]} 46. Rb8
{[%clk 0:01:34]} Bg4 {[%clk 0:01:13]} 47. Rh8 {[%clk 0:01:30]} Kd5
{[%clk 0:01:06]} 48. h3 {[%clk 0:01:32]} Bf5 {[%clk 0:00:55]} 49. Rxh5
{[%clk 0:01:34]} Rxc5 {[%clk 0:01:03]} 50. Rxc5+ {[%clk 0:01:31]} Kxc5
{[%clk 0:01:12]} 51. Rh8 {[%clk 0:01:32]} Kb5 {[%clk 0:01:12]} 52. h4
{[%clk 0:01:20]} Ka4 {[%clk 0:01:20]} 53. h5 {[%clk 0:01:27]} Kxa3
{[%clk 0:01:29]} 54. h6 {[%clk 0:01:31]} a5 {[%clk 0:01:34]} 55. h7
{[%clk 0:01:00]} a4 {[%clk 0:01:18]} 56. Re8 {[%clk 0:00:57]} Bxh7
{[%clk 0:01:19]} 57. Rxe6 {[%clk 0:01:04]} Ka2 {[%clk 0:01:21]} 58. Ra6
{[%clk 0:01:08]} a3 {[%clk 0:01:27]} 59. Rxa3+ {[%clk 0:01:03]} Kxa3
{[%clk 0:01:35]} 1/2-1/2